Projekt kontrolling egy fejlesztőközpont gyakorlatában

Bibliographic Details
Main Author: Weinber Vivien
Other Authors: Ilyés Dr. Csaba
Format: Thesis
Kulcsszavak:Projekt kontrolling
Autóipari beszállítók
Fejlesztőközpont kontrolling
Online Access:http://dolgozattar.uni-bge.hu/9171

MARC

LEADER 00000nta a2200000 i 4500
001 dolg9171
005 20161216094940.0
008 161216suuuu hu om 000 hun d
040 |a BGE Dolgozattár Repozitórium  |b hun 
041 |a hu 
100 1 |a Weinber Vivien 
245 1 0 |a Projekt kontrolling egy fejlesztőközpont gyakorlatában  |c Weinber Vivien  |h [elektronikus dokumentum] 
246 1 1 |a Projekt kontrolling egy fejlesztőközpont gyakorlatában 
246 1 1 |a Project controlling at a development center 
695 |a Projekt kontrolling 
695 |a Autóipari beszállítók 
695 |a Fejlesztőközpont kontrolling 
700 1 |a Ilyés Dr. Csaba  |e ths 
856 4 0 |u http://dolgozattar.uni-bge.hu/9171/1/Szakdolgozat_v%C3%A9gleges.pdf  |z Dokumentum-elérés 
856 4 0 |u http://dolgozattar.uni-bge.hu/9171/3/Konzult%C3%A1ci%C3%B3s%20lap%20%C3%A9s%20kutat%C3%A1si%20koncepci%C3%B3%20k%C3%ADs%C3%A9r%C5%91%20lap.pdf  |z Dokumentum-elérés 
856 4 0 |u http://dolgozattar.uni-bge.hu/9171/4/Kutat%C3%A1si%20koncepci%C3%B3.pdf  |z Dokumentum-elérés 
856 4 0 |u http://dolgozattar.uni-bge.hu/9171/23/Al%C3%A1%C3%ADrt%20nyilatkozat.pdf  |z Dokumentum-elérés